| 000 | 01652 a2200193 4500 | ||
|---|---|---|---|
| 001 | 53320 | ||
| 005 | 20260407155807.0 | ||
| 008 | 260407a1970 arg spa d | ||
| 003 | AR-UNSa-BCEJYS | ||
| 040 |
_aAR-UNSa-BCEJYS _bspa _cAR-UNSa-BCEJYS |
||
| 080 |
_a336.74 _xMoneda. Sistema monetario |
||
| 245 | 1 | 0 | _aEconomía de moneda y banca |
| 264 | 1 |
_aBuenos Aires : _bTipográfica Editora Argentina _c1970 |
|
| 300 |
_a831 p. _c22 cm. |
||
| 505 | _a1. Las funciones del dinero - 2. Categorías de dinero - 3. Deuda, crédito e instrumentos fiancieros - 4. Los intermediarios fiancieros - 5. Historia de la banca en Estados Unidos - 6. Sistema de los bancos comerciales - 7. Expanción y contracción bancarias - 8. Política de los bancos comerciales - 9. El sistema de la Reserva Federal - 10. El crédito de la Reserva Federal y las reservas de los bancos - 11. Instrumento de las políticas monetarias - 12. El sistema monetario: Panorama general - 13. Introducción a la teoría monetaria - 14. Producto nacional bruto o expensas -15. Consumo, ahorro o inversión - 16. Oferta y demanda de dinero - 17. Operaciones gubernamentales y política fiscal - 18. El sistema monetario internacional - 19. Pagos internacionales y tipos de cambio - 20. Políticas monetarias internacionales - 21. Política monetaria de Estados Unidos 1914 a 1929 - 22. La política monetaria en los años de la depresión :1930 a 1941 - 23. Política monetaria, 1941 a 1951 - 24. Política monetaria 1951 a 1959 - 25. Política monetaria en la década de 1960 - 26. El futuro | ||
| 942 | _cBK | ||
| 590 | _aniveau_biblio:m niveau_hierar:0 | ||
| 100 | 1 | _aChandler, Lester V. | |
| 999 |
_c5176 _d5176 |
||